01214nam a2200277 i 4500001001000000003000900010005001700019007000300036008004100039040003000080082001300110100004600123245006500169264005000234300002500284336002700309337003300336338002800369590002700397910001400424942001400438952012700452952014300579952019700722999001700919000035175DO-SdBNP20240612145832.0ta111025s1973 dr 000 0 spa d aDO-SdBNPbspacBNPHUerda 222bF8251 aFranco, Franklin J.,d1936-934417eautor10aVida, pasión y muerte del PCD /cFranklin Franco Pichardo. 1a[Santo Domingo] :bEditora Nacional,c[1973]. a78 páginasc21 cm. 2rdacontentatextobtxt 2rdamediaasin mediaciónbn 2rdacarrieravolumenbnc aInventariado, 2024/ YL aYLockward 2ddccLBS1 00102ddc51708PDaBNPHUbBNPHUcHDd2011-10-25iLF1l0o BNPHU PDp35175-10r2020-06-25w2020-06-25yLBS1ZNo se presta 00102ddc51708PDaBNPHUbBNPHUcCTd2011-10-25eObsequioiLF1l0o BNPHU PDp35175-20r2020-06-25te. 2w2020-06-25yLBS1ZNo se presta 00102ddc56708DSaBNPHUbBNPHUcCTd2023-03-01eDonación iLF1l0o BNPHU DSp2024-3420r2024-06-12te. 3w2024-06-12yLBS1zPerteneció a la biblioteca personal de Emilio Cordero Michel c34666d34666